00527nam a2200241Ia 4500008004000000041000800040082001100048100002800059245005500087260003900142300001100181440000600192650000800198650000700206650001100213650001100224650001500235650000600250650000600256650000800262650000900270650000600279210210b1922 xxu||||| |||| 00| 0 eng d aeng a090/79 aPILLAI (L D Swamikannu) aIndian ephemeries A D 700 to A D 1799 Vol 1 Part-1 aMadrasbGovernment of Madrasc1922 aix,509 a1 aVol ato aPart-1 aIndian aephemeries aD aA a700 a1799 a1